000 00696nam a2200289Ia 4500
005 20260324133533.0
008 008 260324s9999 xx 000 0 eng d
020 _a9781315837987
037 _aEBOOK
040 _aCRL
040 _beng
040 _cCRL
041 _2eng
041 _aeng
084 _qCRL
100 _aPenny Richards; Jessica Munns
_91193475
245 0 _aGender, Power and Privilege in Early Modern Europe
245 0 _b1500 - 1700
260 _bTaylor and Francis
260 _c2003
365 _a
365 _b300
856 _uhttp://www.taylorfrancis.com/books/9781315837987
942 _cEBOOK
999 _c1792598
_d1792598